<?xml version="1.0" encoding="UTF-8"?>
<record
    xmlns:xsi="http://www.w3.org/2001/XMLSchema-instance"
    xsi:schemaLocation="http://www.loc.gov/MARC21/slim http://www.loc.gov/standards/marcxml/schema/MARC21slim.xsd"
    xmlns="http://www.loc.gov/MARC21/slim">

  <leader>01310nam a22002297a 4500</leader>
  <controlfield tag="005">20230324113957.0</controlfield>
  <controlfield tag="008">220910b           ||||| |||| 00| 0 eng d</controlfield>
  <datafield tag="020" ind1=" " ind2=" ">
    <subfield code="a">9781133309598</subfield>
  </datafield>
  <datafield tag="040" ind1=" " ind2=" ">
    <subfield code="c">AL</subfield>
  </datafield>
  <datafield tag="041" ind1=" " ind2=" ">
    <subfield code="a">eng</subfield>
  </datafield>
  <datafield tag="082" ind1=" " ind2=" ">
    <subfield code="2">23</subfield>
    <subfield code="a">001.42</subfield>
    <subfield code="b">WHIR</subfield>
  </datafield>
  <datafield tag="100" ind1=" " ind2=" ">
    <subfield code="a">Theresa L White</subfield>
    <subfield code="9">57147</subfield>
  </datafield>
  <datafield tag="245" ind1=" " ind2=" ">
    <subfield code="a">Research Methods</subfield>
  </datafield>
  <datafield tag="250" ind1=" " ind2=" ">
    <subfield code="a">9th ed.</subfield>
  </datafield>
  <datafield tag="260" ind1=" " ind2=" ">
    <subfield code="a">Australia</subfield>
    <subfield code="b">Wadsworth Cengage Learnings</subfield>
    <subfield code="c">2013</subfield>
  </datafield>
  <datafield tag="300" ind1=" " ind2=" ">
    <subfield code="a">xxi,458p.</subfield>
    <subfield code="b">PB</subfield>
    <subfield code="c">23.2X18.7cm.</subfield>
  </datafield>
  <datafield tag="365" ind1=" " ind2=" ">
    <subfield code="2">General</subfield>
    <subfield code="a">WORDI/2022/CRB/1324</subfield>
    <subfield code="b">&#x20B9;2797.00</subfield>
    <subfield code="c">&#x20B9;</subfield>
    <subfield code="d">&#x20B9;3995.00</subfield>
    <subfield code="e">30%</subfield>
    <subfield code="f">26-08-2022</subfield>
  </datafield>
  <datafield tag="520" ind1=" " ind2=" ">
    <subfield code="a">Now in its 9th Edition, RESEARCH METHODS, International Edition provides readers with a scientific approach to understanding their field of study and the world in general. The text's logical, step-by-step coverage is the result of decades of author experience. It includes all of the stages of the research process, from selecting the project and searching for literature, to choosing a protocol and getting published. RESEARCH METHODS, International Edition also presents students with problems from selected psychological literature to demonstrate some of the creative ways psychology professionals design and conduct effective research.</subfield>
  </datafield>
  <datafield tag="650" ind1=" " ind2=" ">
    <subfield code="2">Research methodology</subfield>
    <subfield code="a">Knowledge</subfield>
    <subfield code="9">57148</subfield>
  </datafield>
  <datafield tag="700" ind1=" " ind2=" ">
    <subfield code="a">McBurney, Donald H</subfield>
    <subfield code="9">57149</subfield>
  </datafield>
  <datafield tag="942" ind1=" " ind2=" ">
    <subfield code="2">ddc</subfield>
    <subfield code="c">BK</subfield>
  </datafield>
  <datafield tag="999" ind1=" " ind2=" ">
    <subfield code="c">224575</subfield>
    <subfield code="d">224575</subfield>
  </datafield>
  <datafield tag="952" ind1=" " ind2=" ">
    <subfield code="0">0</subfield>
    <subfield code="1">0</subfield>
    <subfield code="2">ddc</subfield>
    <subfield code="4">0</subfield>
    <subfield code="7">0</subfield>
    <subfield code="8">GEN</subfield>
    <subfield code="a">SACPG</subfield>
    <subfield code="b">SACPG</subfield>
    <subfield code="d">2022-09-06</subfield>
    <subfield code="e">Word Bookshop</subfield>
    <subfield code="g">2797.00</subfield>
    <subfield code="l">1</subfield>
    <subfield code="o">001.42 WHIR</subfield>
    <subfield code="p">PG024011</subfield>
    <subfield code="r">2025-09-09 10:13:11</subfield>
    <subfield code="s">2025-09-03</subfield>
    <subfield code="v">3995.00</subfield>
    <subfield code="w">2022-08-26</subfield>
    <subfield code="y">BK</subfield>
  </datafield>
</record>
